000 01086cam a22003017a 4500
005 20250617130615.0
008 040805d2003 mx r 00110 spa d
010 _a88603
011 _a89575
035 _a100126
090 _aTesis
100 1 0 _aCopado Bueno, José María Fernando
_9143261
245 1 0 _aEnzimas en dietas prácticas para cerdos en crecimiento
_c/por José Ma. Fernando Copado Bueno
260 _aMontecillo, Méx. :
_bEl autor,
_c2003.
300 _a113 h. ;
_bgráfs.
502 _aTesis (Dr. en Ciencias) -- CP. Instituto de Recursos Genéticos y Productividad Programa en Ganaderia
590 _aALEPH
_b10
_c20130110
_lUCH01
_h1459
590 _aBATCH-UPD
_b10
_c20130110
_lUCH01
_h0339
590 _aBATCH-UPD
_b10
_c20130410
_lUCH01
_h0012
590 _aBATCH-UPD
_b10
_c20130914
_lUCH01
_h1047
590 _aCONVERSION
_b10
_c20130109
_lUCH01
_h1349
650 1 4 _aEnzimas.
_937195
650 1 4 _aGanado porcino
_xAlimentación.
_945329
650 1 4 _aGanado porcino
_xCrecimiento.
_945349
901 _aBK
905 _aMayto Villalobos Santana
911 _aProceso
999 _c88603
_d88603